Directory of research and development activities in the United Kingdom in the fields of land survey, geodesy, photogrammetry and hydrographic surveying, sponsored by the Photogrammetric Society and RICS (Record no. 88094)

MARC details
000 -LEADER
fixed length control field 00744cam a2200229 4500
001 - CONTROL NUMBER
control field D15329
008 - FIXED-LENGTH DATA ELEMENTS--GENERAL INFORMATION
fixed length control field 090401t1978 xxu||||| |||| 00| 0 eng d
022 ## - INTERNATIONAL STANDARD SERIAL NUMBER
International Standard Serial Number 0309-2119
035 ## - SYSTEM CONTROL NUMBER
System control number (Sirsi) u21935
041 ## - LANGUAGE CODE
Language code of text/sound track or separate title eng
050 ## - LIBRARY OF CONGRESS CALL NUMBER
Classification number 526.9072
090 ## - LOCALLY ASSIGNED LC-TYPE CALL NUMBER (OCLC); LOCAL CALL NUMBER (RLIN)
Classification number (OCLC) (R) ; Classification number, CALL (RLIN) (NR) RICS 1978/20ABC
110 ## - MAIN ENTRY--CORPORATE NAME
Corporate name or jurisdiction name as entry element Royal Institution of Chartered Surveyors
9 (RLIN) 4900
245 ## - TITLE STATEMENT
Title Directory of research and development activities in the United Kingdom in the fields of land survey, geodesy, photogrammetry and hydrographic surveying, sponsored by the Photogrammetric Society and RICS
250 ## - EDITION STATEMENT
Edition statement 2nd
260 ## - PUBLICATION, DISTRIBUTION, ETC.
Name of publisher, distributor, etc. RICS
Date of publication, distribution, etc. 1978
300 ## - PHYSICAL DESCRIPTION
Extent 75p. 30cm
350 ## - PRICE (NR) (BK AM CF MU VM SE) [OBSOLETE]
Price 2
490 ## - SERIES STATEMENT
Series statement Directory of Research and Development Activities
942 ## - ADDED ENTRY ELEMENTS (KOHA)
Suppress in OPAC 0
948 ## - LOCAL PROCESSING INFORMATION (OCLC); SERIES PART DESIGNATOR (RLIN)
c (OCLC) 04/03/1997
Holdings
Withdrawn status Lost status Source of classification or shelving scheme Damaged status Not for loan Home library Current library Shelving location Date acquired Cost, normal purchase price Total Checkouts Full call number Barcode Date last seen Copy number Cost, replacement price Price effective from Koha item type
    Dewey Decimal Classification     London London RICS Boxes 14/09/1999 2.00   RICS 1978/20 30009353 06/08/2019 1 2.00 06/08/2019 Reference material
    Dewey Decimal Classification     London London RICS Boxes 22/08/1991 2.00   RICS 1978/20 30026557 06/08/2019 2 2.00 06/08/2019 Reference material
    Dewey Decimal Classification     London London RICS Boxes 13/08/1991 2.00   RICS 1978/20 30009357 06/08/2019 3 2.00 06/08/2019 Book